Online Public Access Catalog -OPAC

Status asthmaticus/ (Record no. 62656)

MARC details
000 -LEADER
fixed length control field 00508nam a2200169Ia 4500
008 - FIXED-LENGTH DATA ELEMENTS--GENERAL INFORMATION
fixed length control field 100608 1978 a e | 000 0 eng d
020 ## - INTERNATIONAL STANDARD BOOK NUMBER
International Standard Book Number 839112068
040 ## - CATALOGING SOURCE
Original cataloging agency ABU,Za
050 ## - LIBRARY OF CONGRESS CALL NUMBER
Classification number RC 591
245 #0 - TITLE STATEMENT
Title Status asthmaticus/
Statement of responsibility, etc. Edited by Earle B Weiss
260 ## - PUBLICATION, DISTRIBUTION, ETC.
Place of publication, distribution, etc. Baltimore
Name of publisher, distributor, etc. University Park Press
Date of publication, distribution, etc. 1978
300 ## - PHYSICAL DESCRIPTION
Extent xi,407p.:ill
504 ## - BIBLIOGRAPHY, ETC. NOTE
Bibliography, etc. note Include bibliographical reference and index
650 ## - SUBJECT ADDED ENTRY--TOPICAL TERM
Topical term or geographic name entry element Internal medicine
700 ## - ADDED ENTRY--PERSONAL NAME
Personal name Weiss, Earle B.

No items available.

Customized by ICT Technical Service Unit on 29th Dec 2022

Kashim Ibrahim Library